Normal view
MARC view
Entry Personal Name
001 - CONTROL NUMBER
- control field: 42687
003 - CONTROL NUMBER IDENTIFIER
- control field: dpl
005 - DATE AND TIME OF LATEST TRANSACTION
- control field: 20120221125015.0
008 - FIXED-LENGTH DATA ELEMENTS
- fixed length control field: 120221|||a|||||| | ||| d
040 ## - CATALOGING SOURCE
- Original cataloging agency: dpl
- Transcribing agency: dpl
100 ## - HEADING--PERSONAL NAME
- Personal name: साहिल, संजीव मनोहर
670 ## - SOURCE DATA FOUND
- Source citation: Work cat.: (dpl): साहिल, संजीव मनोहर, महान क्रिक्रेटरःसचिन तेंदुलकरः, 2011
670 ## - SOURCE DATA FOUND
- Source citation: Work cat.: (dpl): साहिल, संजीव मनोहर, महान क्रिक्रेटरःसचिन तेंदुलकरः, 2011
